000 00578nam a22002177a 4500
003 UA-OsUOA
001 76474
007 ta
008 20110705b un ||||| |||| 00| 0 ukr d
100 _aЯсенко О.
090 _a32
_bЯ80
942 _cSA
040 _aUA-OsUOA
_bukr
_cUA-OsUOA
_dUA-OsUOA
245 _aЄвропейський ринок бізнес-аналітики: посткризовий період
300 _aС.29
955 _a0
041 _aukr
080 _a32
773 0 _w76465
_tВіче
_dК.
_d2011
_g12
650 7 _a32 Політика
_2UDC
999 _c362774
_d362774